000 00518nam a22001932 4500
001 0000002963
005 20170406114636.0
008 140428s xx 000 0 eng d
020 _c$
040 _aYour Holding Symbol
_cYour Holding Symbol
100 1 _aUslaner Eric M.
245 1 0 _aAmerican Political parties :
_ba reader.
250 _a ed.
260 _aMaryland :
_bIllinois,
_c1993.
300 _a603 p. ;
_c cm.
504 _aindex.
650 0 _aamerican politics.
908 _a140428
999 _c2844
_d2844